Can you name all of Taylor Swift's explicit songs? - Statistics

General Stats
  • This quiz has been taken 115 times
    27 since last reset
  • The average score is 30 of 41
Answer Stats
Hint Answer % Correct
evermore champagne problems
94%
The Life of a Showgirl Wood
89%
Red (Taylor's Version) All Too Well (10 Minute Version)
83%
folklore betty
83%
evermore cowboy like me
83%
evermore happiness
83%
evermore ivy
83%
Midnights Lavender Haze
83%
folklore the 1
83%
evermore tolerate it
83%
The Tortured Poets Department But Daddy I Love Him
78%
The Life of a Showgirl Eldest Daughter
78%
The Life of a Showgirl Father Figure
78%
evermore gold rush
78%
The Life of a Showgirl Honey
78%
The Tortured Poets Department I Can Do It With a Broken Heart
78%
The Tortured Poets Department loml
78%
folklore mad woman
78%
folklore peace
78%
Midnights Question...?
78%
folklore the last great american dynasty
78%
The Life of a Showgirl The Life of a Showgirl
78%
The Tortured Poets Department The Smallest Man Who Ever Lived
78%
The Tortured Poets Department The Tortured Poets Department
78%
Midnights Vigilante Shit
78%
The Life of a Showgirl Actually Romantic
72%
The Life of a Showgirl CANCELLED!
72%
The Tortured Poets Department Down Bad
72%
Midnights Maroon
72%
Midnights Snow On The Beach
72%
The Life of a Showgirl Wi$h Li$t
72%
Midnights Karma
67%
The Tortured Poets Department thanK you aIMee
67%
The Tortured Poets Department The Bolter
67%
The Tortured Poets Department Cassandra
61%
Midnights Hits Different
61%
The Tortured Poets Department Florida!!!
56%
Red (Taylor's Version) I Bet You Think About Me
56%
The Tortured Poets Department The Black Dog
56%
Singles/Collabs us.
50%
Singles/Collabs Renegade
44%
No matching quizzes found
Score Distribution
Percent of People with Each Score
Percentile by Number Answered
Your Score History
You have not taken this quiz since the last reset